000 00628nam a2200205Ia 4500
003 OSt
005 20240926163334.0
008 210210b1986 xxu||||| |||| 00| 0 eng d
040 _cAL
041 _aKannada
082 _a791.43K SATC
100 _aSATISH BAHADUR.
_d ಸತೀಶ್ ಬಹದ್ದೂರ್
_9180380
245 _aChalanachitrada svarupa, vimarshe.
_bಚಲನಚಿತ್ರದ ಸ್ವರೂಪ, ವಿಮರ್ಶೆ.
260 _aKarnataka.
_bAkshara Prakashana
_c1986
300 _a31
650 _aChalanachitra Vimarshe
_9180381
690 _aCinem
_9180382
906 _a05178
942 _2ddc
_cBK
999 _c100513
_d100513